Welcome to CU Library Online Public Access Catalogue (OPAC)

Principles of corporate finance (Record no. 3225)

MARC details
000 -LEADER
fixed length control field 00473nam a22001817a 4500
005 - DATE AND TIME OF LATEST TRANSACTION
control field 20250129155511.0
008 - FIXED-LENGTH DATA ELEMENTS--GENERAL INFORMATION
fixed length control field 250129b |||||||| |||| 00| 0 eng d
020 ## - INTERNATIONAL STANDARD BOOK NUMBER
International Standard Book Number 9780071289160
050 ## - LIBRARY OF CONGRESS CALL NUMBER
Classification number HG4026
Item number .B6668 BRE
100 ## - MAIN ENTRY--PERSONAL NAME
Personal name Brealey, Richard A.
245 ## - TITLE STATEMENT
Title Principles of corporate finance
250 ## - EDITION STATEMENT
Edition statement 2nd
260 ## - PUBLICATION, DISTRIBUTION, ETC.
Place of publication, distribution, etc. Boston
Name of publisher, distributor, etc. McGraw-Hill
Date of publication, distribution, etc. c2011
300 ## - PHYSICAL DESCRIPTION
Extent xxiii,524p;
Other physical details ill.;
700 ## - ADDED ENTRY--PERSONAL NAME
Personal name Myers Stewart C.
700 ## - ADDED ENTRY--PERSONAL NAME
Personal name Allen Franklin
942 ## - ADDED ENTRY ELEMENTS (KOHA)
Source of classification or shelving scheme Library of Congress Classification
Koha item type Books
Suppress in OPAC No
999 ## -
-- 3225
-- 3225
Holdings
Withdrawn status Lost status Source of classification or shelving scheme Damaged status Not for loan Collection Home library Current library Shelving location Date acquired Total checkouts Full call number Barcode Date last seen Copy number Price effective from Koha item type
    Library of Congress Classification     Non-fiction Business Library (Miotso) Business Library (Miotso) General stacks 04/20/2026   HG4026.B6668 BRE BSSM00003241 04/20/2026 1 04/20/2026 Books
    Library of Congress Classification     Non-fiction Business Library (Miotso) Business Library (Miotso) General stacks 04/20/2026   HG4026.B6668 BRE BSSM00003242 04/20/2026 2 04/20/2026 Books
    Library of Congress Classification     Non-fiction Graduate Library (Christ Temple) Graduate Library (Christ Temple) General stacks 02/23/2026   HG 4026. B6673 BRE GSCT00002891 02/23/2026 1 02/23/2026 Books
    Library of Congress Classification     Non-fiction Graduate Library (Christ Temple) Graduate Library (Christ Temple) General stacks 02/23/2026   HG 4026. B6673 BRE GSCT00002892 02/23/2026 2 02/23/2026 Books
    Library of Congress Classification     Non-fiction Graduate Library (Christ Temple) Graduate Library (Christ Temple) General stacks 02/23/2026   HG 4026. B6673 BRE GSCT00002893 02/23/2026 3 02/23/2026 Books
    Library of Congress Classification     Non-fiction Undergraduate Library (Christ Temple) Undergraduate Library (Christ Temple) General stacks 01/29/2025   HG4026.B6668 BRE ulct00000998 01/29/2025 1 01/29/2025 Books
© 2023-2024 Copyright: Central University Libraries. All Rights Reserved | Created by: Mahone Tech Office